[Event "POL-chT 2nd League"]
[Site "Jastrzebia Gora"]
[Date "2015.09.11"]
[Round "7.86"]
[White "Kowalec, Maciej"]
[Black "Weissbein, Thomas"]
[Result "1-0"]
[WhiteElo "2005"]
[BlackElo "2260"]
[PlyCount "163"]
[EventDate "2015.09.05"]
[EventType "team-swiss"]
[EventRounds "9"]
[EventCountry "POL"]
[SourceTitle "EXT 2017"]
[Source "ChessBase"]
[SourceDate "2016.10.25"]
[SourceVersion "1"]
[SourceVersionDate "2016.10.25"]
[SourceQuality "1"]
[WhiteTeam "Minsk Mazowiecki MTSz"]
[BlackTeam "Nowy Sacz Sandecja"]
[WhiteTeamCountry "POL"]
[BlackTeamCountry "POL"]

1. Nf3 d6 2. d4 g6 3. c4 Bg7 4. Nc3 Nf6 5. g3 0-0 6. Bg2 Nbd7 7. 0-0 e5 8. e4 c6 9. Rb1 exd4 10. Nxd4 Re8 11. Re1 a5 12. h3 Nc5 13. b3 d5 14. cxd5 Nxd5 15. exd5 Rxe1+ 16. Qxe1 Bxd4 17. Be3 Nd3 18. Qd2 Bxe3 19. Qxe3 Nb4 20. dxc6 bxc6 21. Rd1 Qf8 22. Ne4 f5 23. Nc5 f4 24. gxf4 Bf5 25. a3 Re8 26. Qc3 Na2 27. Qd4 Qg7 28. Qd6 Qe7 29. Bxc6 Qxd6 30. Rxd6 Re1+ 31. Kg2 Rc1 32. Bd5+ Kg7 33. Ne6+ Kf6 34. Nd4+ Kg7 35. Nxf5+ gxf5 36. Rd7+ Kg6 37. Bf7+ Kf6 38. Bd5 Rc5 39. b4 axb4 40. Bxa2 bxa3 41. Rd6+ Kg7 42. Rd3 Ra5 43. Rd5 Rxd5 44. Bxd5 Kg6 45. Kf3 Kh5 46. Bf7+ Kh4 47. Be6 h5 48. Ke3 Kxh3 49. Bxf5+ Kg2 50. Be6 h4 51. f5 h3 52. f6 h2 53. f7 h1Q 54. Bd5+ Kf1 55. Bxh1 a2 56. f8Q a1Q 57. f4 Qc3+ 58. Ke4 Qc6+ 59. Ke5 Qxh1 60. Qc8 Qh6 61. Qc1+ Kf2 62. Qd2+ Kf1 63. Qd3+ Kf2 64. Qd4+ Kf1 65. f5 Qg7+ 66. f6 Qg5+ 67. Ke6 Qg6 68. Qa1+ Ke2 69. Qb2+ Kd1 70. Qd4+ Kc1 71. Qf4+ Kb2 72. Ke7 Qc2 73. Qe5+ Kb1 74. f7 Qh7 75. Ke8 Qg6 76. Ke7 Qh7 77. Qe6 Qh4+ 78. Qf6 Qb4+ 79. Ke6 Qf8 80. Kd7 Ka2 81. Qe7 Qb8 82. f8Q 1-0

[Event "Warsaw Cup"]
[Site "Warsaw"]
[Date "1987.??.??"]
[Round "2"]
[White "Weissbein, Thomas"]
[Black "Kiedrowicz, Jan"]
[Result "0-1"]
[WhiteElo "2245"]
[BlackElo "2335"]
[PlyCount "58"]
[EventDate "1987.04.??"]
[EventType "swiss"]
[EventRounds "11"]
[EventCountry "POL"]
[SourceTitle "EXT 2001"]
[Source "ChessBase"]
[SourceDate "2000.11.22"]
[SourceVersion "1"]
[SourceVersionDate "2000.11.22"]
[SourceQuality "1"]

1. e4 c5 2. c3 d5 3. exd5 Qxd5 4. d4 Nf6 5. Nf3 e6 6. Bd3 Be7 7. 0-0 b6 8. Na3 0-0 9. Nb5 Qd8 10. Bf4 a6 11. Bc7 Qd5 12. Bxb8 Rxb8 13. Nc7 Qb7 14. Nxa6 Ra8 15. dxc5 bxc5 16. b4 Rxa6 17. Bxa6 Qxa6 18. Qb3 c4 19. Qc2 Bb7 20. Ne5 Be4 21. Qe2 Bd6 22. Qxc4 Qb7 23. f3 Bxe5 24. fxe4 Rc8 25. Qe2 Nxe4 26. Rad1 f5 27. b5 Qc7 28. Qe3 Bxh2+ 29. Kh1 Ng3+ 0-1

[Event "Warsaw Cup"]
[Site "Warsaw"]
[Date "1987.??.??"]
[Round "6"]
[White "Weissbein, Thomas"]
[Black "Sarwinski, Miroslaw"]
[Result "1-0"]
[WhiteElo "2245"]
[BlackElo "2395"]
[PlyCount "103"]
[EventDate "1987.04.??"]
[EventType "swiss"]
[EventRounds "11"]
[EventCountry "POL"]
[SourceTitle "EXT 2001"]
[Source "ChessBase"]
[SourceDate "2000.11.22"]
[SourceVersion "1"]
[SourceVersionDate "2000.11.22"]
[SourceQuality "1"]

1. e4 e6 2. d3 d5 3. Nd2 c5 4. Ngf3 Nc6 5. g3 Bd6 6. Bg2 Nge7 7. 0-0 b6 8. Re1 Bb7 9. c3 d4 10. cxd4 cxd4 11. Nc4 Bc7 12. Qb3 0-0 13. Bd2 Rb8 14. Rec1 Ng6 15. a4 Kh8 16. Qa3 f5 17. b4 fxe4 18. dxe4 Qf6 19. b5 Nce7 20. Qd3 e5 21. Na5 bxa5 22. Rxc7 Qb6 23. Rac1 Rbc8 24. Rxc8 Rxc8 25. Ng5 h6 26. Nf7+ Kh7 27. Rxc8 Bxc8 28. f4 exf4 29. gxf4 Be6 30. Nxh6 gxh6 31. f5 Ne5 32. Qa3 Ng8 33. Qg3 d3+ 34. Kh1 Qd4 35. fxe6 Qa1+ 36. Qe1 Qxe1+ 37. Bxe1 Nc4 38. Bc3 Kg6 39. Kg1 Kg5 40. Kf2 Kf4 41. Bd4 Nb6 42. Ke1 Nxa4 43. Bxa7 Ke5 44. Be3 Ne7 45. b6 Nc6 46. b7 Kxe6 47. e5 Nb8 48. Ba7 Na6 49. b8Q Nxb8 50. Bxb8 Nc5 51. Kd2 a4 52. Bd6 1-0